000 00981nam a2200169 a 4500
008 090708s1987 ||||||||||||||||| || u
050 _aGOV.ZAM(058)INDP/1987A
110 _aGovernment of the Republic of Zambia (GRZ)
245 1 0 _aNew economic recovery programme: interim national development plan July, 1987 - December, 1988
_cBy the Office of the President. National Commission for Development Planning
260 _aLusaka
_bNational Commission for Development Planning (NCDP)
_c1987
300 _aiii, 69p.: ill.
350 _a0.00
650 0 _aECONOMIC DEVELOPMENT--ZAMBIA
710 _aNational Commission for Development Planning (NCDP)
995 _aSPECIAL COLLECTIONS
_D0.00
_e03004341
_FCBU-MAIN LIBRARY (Kitwe)
_H1
_I0.00
_jGOV.ZAM(058)INDP/1987A
_M1
_UAVAILABLE
_WJul 8, 2009
_y03004341
_ZZambiana Collection
995 _aSPECIAL COLLECTIONS
_D0.00
_e03004342
_FCBU-MAIN LIBRARY (Kitwe)
_H1
_I0.00
_jGOV.ZAM(058)INDP/1987B
_M2
_UAVAILABLE
_WJul 8, 2009
_y03004342
_ZZambiana Collection
999 _c78769
_d78769